[Event "Commonwealth-ch"]
[Site "New Delhi"]
[Date "2007.12.08"]
[Round "8"]
[White "Imocha, Laisram"]
[Black "Girish, A Koushnik"]
[Result "1/2-1/2"]
[WhiteElo "2272"]
[BlackElo "2086"]
[PlyCount "139"]
[EventDate "2007.12.03"]
[EventType "swiss"]
[EventRounds "10"]
[EventCountry "IND"]
[SourceTitle "CBM 121 Extra"]
[Source "ChessBase"]
[SourceDate "2008.01.10"]
[SourceVersion "1"]
[SourceVersionDate "2008.01.10"]
[SourceQuality "1"]

1. d4 Nf6 2. c4 g6 3. Nf3 Bg7 4. g3 O-O 5. Bg2 d5 6. cxd5 Nxd5 7. Nc3 Nb6 8.
O-O Nc6 9. d5 Na5 10. Nd4 c6 11. e4 cxd5 12. exd5 Nac4 13. a4 a6 14. b3 Nd6 15.
Ba3 Nf5 16. Nde2 Bd7 17. Qd4 Nc8 18. Rad1 Ncd6 19. Ne4 Nxe4 20. Qxe4 Nd6 21.
Qb4 a5 22. Qf4 Qb6 23. Rd3 Rac8 24. g4 Rfe8 25. Re3 Rc2 26. Re1 Ra2 27. Bc1 Qb4
28. Qxb4 axb4 29. h3 b5 30. a5 Rxa5 31. Bd2 Ra1 32. Rxa1 Bxa1 33. Bxb4 Kf8 34.
Ng3 Rc8 35. Bf1 Bd4 36. Re2 Bc3 37. Ba3 b4 38. Bc1 Bb5 39. Bh6+ Ke8 40. Re3
Bxf1 41. Kxf1 Kd7 42. Rd3 Nb5 43. Ne4 Be5 44. Bd2 Nc3 45. Ng5 f6 46. Ne6 Nxd5
47. Nd4 Bxd4 48. Rxd4 e6 49. Bxb4 Rb8 50. Bd2 Rxb3 51. Kg2 g5 52. Re4 Rb2 53.
Rd4 Kc6 54. Rd3 Kb5 55. Be3 Kc4 56. Ra3 Rb3 57. Rxb3 Kxb3 58. Bc5 Kc4 59. Ba7
Kd3 60. Kg3 Ke2 61. Bd4 f5 62. gxf5 exf5 63. h4 f4+ 64. Kg4 gxh4 65. Kxh4 f3
66. Kg5 Nb4 67. Kh6 Nd3 68. Kxh7 Nxf2 69. Ba7 Ng4 70. Bg1 1/2-1/2

[Event "Commonwealth-ch"]
[Site "New Delhi"]
[Date "2007.12.10"]
[Round "10"]
[White "Girish, A Koushnik"]
[Black "Pratyusha, Bodda"]
[Result "1-0"]
[WhiteElo "2086"]
[BlackElo "1736"]
[PlyCount "50"]
[EventDate "2007.12.03"]
[EventType "swiss"]
[EventRounds "10"]
[EventCountry "IND"]
[SourceTitle "CBM 121 Extra"]
[Source "ChessBase"]
[SourceDate "2008.01.10"]
[SourceVersion "1"]
[SourceVersionDate "2008.01.10"]
[SourceQuality "1"]

1. d4 d5 2. Nf3 e6 3. c4 c6 4. Nc3 dxc4 5. e3 b5 6. Ne5 Nf6 7. Be2 Bb4 8. O-O
Bb7 9. a4 Bxc3 10. bxc3 O-O 11. Rb1 Nd5 12. Qc2 a6 13. Ba3 Re8 14. Nxc4 Nd7 15.
Nd6 Qc7 16. c4 N5f6 17. Nxe8 Nxe8 18. Bf3 e5 19. Rfc1 exd4 20. exd4 bxc4 21.
Qxc4 Rc8 22. Rc3 Ndf6 23. Bb4 Nd7 24. Bg4 Nef6 25. Bxd7 Nxd7 1-0

[Event "Hilversum op"]
[Site "Hilversum"]
[Date "2008.04.05"]
[Round "1"]
[White "Van den Bergh, Ben G"]
[Black "Giri, Anish"]
[Result "0-1"]
[WhiteElo "2019"]
[BlackElo "2344"]
[PlyCount "44"]
[EventDate "2008.04.05"]
[EventType "swiss"]
[EventRounds "9"]
[EventCountry "NED"]
[SourceTitle "CBM 123 Extra"]
[Source "ChessBase"]
[SourceDate "2008.05.06"]
[SourceVersion "1"]
[SourceVersionDate "2008.05.06"]
[SourceQuality "1"]

1. b3 e5 2. Bb2 Nc6 3. c4 Nf6 4. e3 d5 5. cxd5 Nxd5 6. a3 Bd6 7. Nc3 Nxc3 8.
Bxc3 O-O 9. d3 Qe7 10. a4 Bb4 11. Rc1 Rd8 12. Be2 Be6 13. Qc2 Na5 14. Bxb4
Qxb4+ 15. Qc3 c5 16. Nf3 Nxb3 17. Qxb4 cxb4 18. Rc7 Rac8 19. Rxb7 Rc1+ 20. Bd1
Nc5 21. Rxa7 Nxd3+ 22. Ke2 b3 0-1

[Event "Hilversum op"]
[Site "Hilversum"]
[Date "2008.04.06"]
[Round "2"]
[White "Giri, Anish"]
[Black "Van Oosten, Arend"]
[Result "1-0"]
[WhiteElo "2344"]
[BlackElo "2151"]
[PlyCount "103"]
[EventDate "2008.04.05"]
[EventType "swiss"]
[EventRounds "9"]
[EventCountry "NED"]
[SourceTitle "CBM 123 Extra"]
[Source "ChessBase"]
[SourceDate "2008.05.06"]
[SourceVersion "1"]
[SourceVersionDate "2008.05.06"]
[SourceQuality "1"]

1. e4 e6 2. d4 d5 3. Nc3 Nf6 4. Bg5 Bb4 5. e5 h6 6. Bd2 Bxc3 7. bxc3 Ne4 8. Qg4
g6 9. Bd3 Nxd2 10. Kxd2 c5 11. Nf3 Bd7 12. h4 Qe7 13. dxc5 Qxc5 14. Nd4 Nc6 15.
Qf4 Ne7 16. Qf6 Rf8 17. Rab1 O-O-O 18. Rb4 Nc6 19. Rb5 Qa3 20. Rb3 Qc5 21. Nb5
Kb8 22. Nd6 Na5 23. Rb4 Bc8 24. Rhb1 Qc7 25. Ra4 Ka8 26. Nb5 Qb6 27. Rbb4 a6
28. Ke2 Nc6 29. Rb3 Rd7 30. Nd4 Nxd4+ 31. cxd4 Qd8 32. Qxd8 Rfxd8 33. Rc3 Kb8
34. Rb4 Rc7 35. Rxc7 Kxc7 36. Rb1 Bd7 37. h5 g5 38. g4 Bb5 39. Bxb5 axb5 40. f4
gxf4 41. Rf1 Ra8 42. Rxf4 Rxa2 43. Rxf7+ Kc6 44. Re7 b4 45. Kd3 Ra3+ 46. Kd2
Rg3 47. Rxe6+ Kb5 48. Rxh6 Rxg4 49. Ke3 Kc4 50. Rb6 Re4+ 51. Kf3 Rxd4 52. e6
1-0

[Event "Hilversum op"]
[Site "Hilversum"]
[Date "2008.04.07"]
[Round "3"]
[White "Giri, Anish"]
[Black "Fridman, Daniel"]
[Result "0-1"]
[WhiteElo "2344"]
[BlackElo "2627"]
[PlyCount "50"]
[EventDate "2008.04.05"]
[EventType "swiss"]
[EventRounds "9"]
[EventCountry "NED"]
[SourceTitle "CBM 123 Extra"]
[Source "ChessBase"]
[SourceDate "2008.05.06"]
[SourceVersion "1"]
[SourceVersionDate "2008.05.06"]
[SourceQuality "1"]

1. e4 c6 2. d4 d5 3. Nd2 dxe4 4. Nxe4 Bf5 5. Ng3 Bg6 6. h4 h6 7. Nf3 Nd7 8. h5
Bh7 9. Bd3 Bxd3 10. Qxd3 e6 11. Bd2 Ngf6 12. O-O-O Be7 13. Qe2 c5 14. dxc5 Bxc5
15. Ne5 Nxe5 16. Qxe5 Qd4 17. Qc7 Bb6 18. Qxb7 O-O 19. Be3 Qa4 20. a3 Rfc8 21.
Rd2 Nd5 22. Nf5 Rab8 23. Ne7+ Nxe7 24. Qxe7 Ba5 25. Re2 Qc4 0-1

[Event "Hilversum op"]
[Site "Hilversum"]
[Date "2008.04.08"]
[Round "4"]
[White "Ceko, Jovan"]
[Black "Giri, Anish"]
[Result "0-1"]
[WhiteElo "2242"]
[BlackElo "2344"]
[PlyCount "104"]
[EventDate "2008.04.05"]
[EventType "swiss"]
[EventRounds "9"]
[EventCountry "NED"]
[SourceTitle "CBM 123 Extra"]
[Source "ChessBase"]
[SourceDate "2008.05.06"]
[SourceVersion "1"]
[SourceVersionDate "2008.05.06"]
[SourceQuality "1"]

1. e4 c5 2. Nf3 e6 3. d4 cxd4 4. Nxd4 Nc6 5. Nb5 d6 6. c4 Nf6 7. N1c3 a6 8. Na3
b6 9. Be2 Bb7 10. O-O Nb8 11. f3 Nbd7 12. Nc2 Be7 13. b3 O-O 14. Bb2 Qc7 15.
Rc1 Rac8 16. Re1 Qb8 17. Bf1 Rfe8 18. Kh1 Bd8 19. Qd2 Bc7 20. g3 h5 21. Bg2 h4
22. g4 d5 23. cxd5 exd5 24. Nxd5 Nxd5 25. exd5 Bf4 26. Ne3 Rxc1 27. Bxc1 Nf6
28. Qf2 Nxd5 29. Nxd5 Rxe1+ 30. Qxe1 Bxd5 31. Qd1 Qc7 32. Bxf4 Qxf4 33. h3 Qd6
34. Qe1 g5 35. Qe3 f6 36. Kg1 Qc5 37. Qxc5 bxc5 38. f4 Be6 39. Bf1 Bc8 40. Kf2
a5 41. Bc4+ Kf8 42. fxg5 fxg5 43. Ke3 Bb7 44. Be2 Ke7 45. Bf3 Bc8 46. Ke4 Ke6
47. Ke3 Ke5 48. Bh1 Ba6 49. Bg2 Bb5 50. Bb7 Bf1 51. Kf3 Kd4 52. Bc6 Bd3 0-1

[Event "Hilversum op"]
[Site "Hilversum"]
[Date "2008.04.09"]
[Round "5"]
[White "Giri, Anish"]
[Black "Schroer, Marcel"]
[Result "1-0"]
[WhiteElo "2344"]
[BlackElo "2103"]
[PlyCount "71"]
[EventDate "2008.04.05"]
[EventType "swiss"]
[EventRounds "9"]
[EventCountry "NED"]
[SourceTitle "CBM 123 Extra"]
[Source "ChessBase"]
[SourceDate "2008.05.06"]
[SourceVersion "1"]
[SourceVersionDate "2008.05.06"]
[SourceQuality "1"]

1. d4 Nf6 2. c4 e6 3. Nf3 b6 4. g3 Ba6 5. b3 Bb7 6. Bg2 Bb4+ 7. Bd2 c5 8. O-O
O-O 9. Nc3 cxd4 10. Nb5 Be7 11. Nbxd4 d6 12. Bc3 a6 13. Ng5 Bxg2 14. Kxg2 Qc8
15. Qd3 Nbd7 16. Qe3 Ne5 17. Ndf3 Nxf3 18. Nxf3 Qb7 19. Rac1 Rac8 20. Rfd1 Rfd8
21. h3 h6 22. Bd4 b5 23. cxb5 Nd5 24. Qd2 axb5 25. Ba1 Rxc1 26. Rxc1 Bg5 27. e3
Bf6 28. e4 Bxa1 29. exd5 Bf6 30. Rc6 exd5 31. Qxd5 Qa8 32. Qxb5 Qxa2 33. Qd5
Rb8 34. Rc7 Qxb3 35. Rc8+ Kh7 36. Qf5+ 1-0

[Event "Hilversum op"]
[Site "Hilversum"]
[Date "2008.04.10"]
[Round "6"]
[White "Chatalbashev, Boris"]
[Black "Giri, Anish"]
[Result "1/2-1/2"]
[WhiteElo "2585"]
[BlackElo "2344"]
[PlyCount "85"]
[EventDate "2008.04.05"]
[EventType "swiss"]
[EventRounds "9"]
[EventCountry "NED"]
[SourceTitle "CBM 123 Extra"]
[Source "ChessBase"]
[SourceDate "2008.05.06"]
[SourceVersion "1"]
[SourceVersionDate "2008.05.06"]
[SourceQuality "1"]

1. d4 Nf6 2. c4 g6 3. Nc3 Bg7 4. Bg5 O-O 5. e4 d6 6. Qd2 c5 7. d5 b5 8. cxb5 a6
9. a4 axb5 10. Bxb5 Ba6 11. f3 Nbd7 12. Nge2 Bxb5 13. Nxb5 c4 14. Be3 Ne5 15.
O-O Qd7 16. Bd4 Rfc8 17. Bxe5 dxe5 18. Nec3 h5 19. Kh1 Ra6 20. Rad1 Ne8 21. Qg5
Bf6 22. Qe3 Nd6 23. f4 exf4 24. Qxf4 Qg4 25. Qe3 Be5 26. Nd4 Rc7 27. h3 Qh4 28.
Rde1 Rb7 29. Nf3 Qf6 30. Nxe5 Qxe5 31. Re2 Kg7 32. Qf4 f6 33. Qxe5 fxe5 34. Kg1
Rab6 35. Rff2 Rb3 36. Rc2 h4 37. Rfe2 Ra7 38. Kf2 Ra8 39. Ke1 Nb7 40. Nd1 Rxa4
41. Ne3 Nd6 42. Ng4 Nf7 43. Re3 1/2-1/2

[Event "Hilversum op"]
[Site "Hilversum"]
[Date "2008.04.11"]
[Round "7"]
[White "Giri, Anish"]
[Black "Miedema, David"]
[Result "1-0"]
[WhiteElo "2344"]
[BlackElo "2281"]
[PlyCount "55"]
[EventDate "2008.04.05"]
[EventType "swiss"]
[EventRounds "9"]
[EventCountry "NED"]
[SourceTitle "CBM 123 Extra"]
[Source "ChessBase"]
[SourceDate "2008.05.06"]
[SourceVersion "1"]
[SourceVersionDate "2008.05.06"]
[SourceQuality "1"]

1. e4 e6 2. d4 d5 3. Nc3 Nc6 4. Nf3 Nf6 5. e5 Ne4 6. Ne2 f6 7. Ng3 fxe5 8. Bb5
exd4 9. Nxe4 dxe4 10. Nxd4 Qd7 11. Nxc6 bxc6 12. Qh5+ g6 13. Qe5 Bg7 14. Qxe4
O-O 15. Bc4 Kh8 16. O-O e5 17. Be3 Rb8 18. Bxa7 Rf4 19. Qxf4 exf4 20. Rad1 Qe7
21. Bxb8 Be5 22. Ba7 f3 23. Rfe1 c5 24. g3 Kg7 25. b4 Qg5 26. Bxc5 Bf6 27. Re8
Qg4 28. Bf8+ 1-0

[Event "Hilversum op"]
[Site "Hilversum"]
[Date "2008.04.12"]
[Round "8"]
[White "Van der Wiel, John"]
[Black "Giri, Anish"]
[Result "1/2-1/2"]
[WhiteElo "2490"]
[BlackElo "2344"]
[PlyCount "62"]
[EventDate "2008.04.05"]
[EventType "swiss"]
[EventRounds "9"]
[EventCountry "NED"]
[SourceTitle "CBM 123 Extra"]
[Source "ChessBase"]
[SourceDate "2008.05.06"]
[SourceVersion "1"]
[SourceVersionDate "2008.05.06"]
[SourceQuality "1"]

1. e4 c5 2. Nf3 e6 3. d4 cxd4 4. Nxd4 Nc6 5. Nc3 Qc7 6. Be2 a6 7. O-O Nf6 8.
Kh1 Nxd4 9. Qxd4 Bc5 10. Qd3 b5 11. f4 Bb7 12. Bf3 h5 13. e5 Ng4 14. Bxb7 Qxb7
15. Ne4 Be7 16. b3 Qc6 17. Bb2 h4 18. Rae1 g6 19. Qf3 Nh6 20. c4 Rc8 21. Rc1 b4
22. c5 O-O 23. Rc4 a5 24. g4 hxg3 25. hxg3 Nf5 26. Rd1 Kg7 27. g4 Nh4 28. Qe3
Rh8 29. Kg1 Rh7 30. Rd6 Qa8 31. Rxd7 Bxc5 1/2-1/2

[Event "Bussum op"]
[Site "Bussum"]
[Date "2008.05.09"]
[Round "1"]
[White "Giri, Anish"]
[Black "Van der Veen, Jan"]
[Result "1-0"]
[WhiteElo "2344"]
[BlackElo "2128"]
[PlyCount "53"]
[EventDate "2008.05.09"]
[EventType "swiss"]
[EventRounds "7"]
[EventCountry "NED"]
[SourceTitle "CBM 124 Extra"]
[Source "ChessBase"]
[SourceDate "2008.07.03"]
[SourceVersion "1"]
[SourceVersionDate "2008.07.03"]
[SourceQuality "1"]

1. e4 e5 2. Nf3 Nc6 3. Bb5 Nf6 4. O-O Nxe4 5. d4 a6 6. Ba4 b5 7. Bb3 d5 8. dxe5
Be6 9. Nbd2 Nc5 10. c3 Bg4 11. Bc2 Ne6 12. Re1 Bc5 13. Nb3 Ba7 14. Be3 Bxe3 15.
Rxe3 Ne7 16. Nbd4 c5 17. Nxe6 fxe6 18. b4 Rc8 19. bxc5 Rxc5 20. h3 Bxf3 21.
Qxf3 Kd7 22. a4 b4 23. Rb1 Rf8 24. Qe2 Qc8 25. Rxb4 Nc6 26. Rb6 Nd4 27. Qg4 1-0

[Event "Leiden LCT op 2nd"]
[Site "Leiden"]
[Date "2008.07.12"]
[Round "2"]
[White "Giri, Anish"]
[Black "Schroer, Marcel"]
[Result "1-0"]
[WhiteElo "2430"]
[BlackElo "2111"]
[PlyCount "47"]
[EventDate "2008.07.11"]
[EventType "swiss"]
[EventRounds "9"]
[EventCountry "NED"]
[SourceTitle "CBM 125 Extra"]
[Source "ChessBase"]
[SourceDate "2008.09.01"]
[SourceVersion "1"]
[SourceVersionDate "2008.09.01"]
[SourceQuality "1"]

1. Nf3 d5 2. d4 Nf6 3. c4 e6 4. Nc3 Be7 5. Bg5 h6 6. Bh4 O-O 7. Rc1 Ne4 8. Bxe7
Qxe7 9. e3 c6 10. Bd3 Nxc3 11. Rxc3 dxc4 12. Bxc4 Nd7 13. O-O e5 14. Qc2 e4 15.
Nd2 Nf6 16. Bb3 Bd7 17. Rc5 Rae8 18. Re5 Qb4 19. Nxe4 Rxe5 20. Nxf6+ gxf6 21.
Qg6+ Kh8 22. Qxh6+ Kg8 23. Qg6+ Kh8 24. Qxf6+ 1-0

[Event "Leiden LCT op 2nd"]
[Site "Leiden"]
[Date "2008.07.14"]
[Round "4"]
[White "Giri, Anish"]
[Black "Gutman, Lev"]
[Result "1/2-1/2"]
[WhiteElo "2430"]
[BlackElo "2497"]
[PlyCount "83"]
[EventDate "2008.07.11"]
[EventType "swiss"]
[EventRounds "9"]
[EventCountry "NED"]
[SourceTitle "CBM 125 Extra"]
[Source "ChessBase"]
[SourceDate "2008.09.01"]
[SourceVersion "1"]
[SourceVersionDate "2008.09.01"]
[SourceQuality "1"]

1. e4 c5 2. Nf3 d6 3. d4 cxd4 4. Nxd4 Nf6 5. Nc3 a6 6. Bg5 e6 7. f4 Qb6 8. Qd2
Nc6 9. O-O-O Nxd4 10. Qxd4 Qxd4 11. Rxd4 Be7 12. Be2 Bd7 13. Bf3 Bc6 14. Rhd1
h6 15. Bxf6 gxf6 16. Bh5 Rg8 17. g3 Rc8 18. a4 Kf8 19. Re1 Bd8 20. Rxd6 Ba5 21.
Rd3 Ke7 22. b3 Bxa4 23. bxa4 Bxc3 24. Ree3 Ba5 25. Rb3 Rc7 26. Rb2 Rd8 27. Kb1
Rd4 28. Reb3 b6 29. Be2 Rxe4 30. c4 Rc5 31. Rc2 f5 32. Ka2 e5 33. fxe5 Rcxe5
34. Bf3 Re3 35. Rxe3 Rxe3 36. Re2 Rxe2+ 37. Bxe2 Bb4 38. Kb3 a5 39. Kc2 Bc5 40.
Kd3 Ke6 41. Bf3 Ke5 42. Bc6 1/2-1/2

[Event "Leiden LCT op 2nd"]
[Site "Leiden"]
[Date "2008.07.18"]
[Round "7"]
[White "Meijer, Dolf"]
[Black "Giri, Anish"]
[Result "0-1"]
[WhiteElo "2237"]
[BlackElo "2430"]
[PlyCount "80"]
[EventDate "2008.07.11"]
[EventType "swiss"]
[EventRounds "9"]
[EventCountry "NED"]
[SourceTitle "CBM 125 Extra"]
[Source "ChessBase"]
[SourceDate "2008.09.01"]
[SourceVersion "1"]
[SourceVersionDate "2008.09.01"]
[SourceQuality "1"]

1. e4 d6 2. d4 Nf6 3. Nc3 g6 4. f4 Bg7 5. Bc4 d5 6. exd5 O-O 7. Nf3 Nbd7 8. O-O
Nb6 9. Bb3 a5 10. a3 a4 11. Ba2 Nbxd5 12. Nxd5 Nxd5 13. c3 c6 14. Qe2 Bg4 15.
h3 Bxf3 16. Rxf3 e6 17. Bd2 h5 18. g3 Qb6 19. Be1 Qc7 20. Rd1 Rfd8 21. Rd2 Bf6
22. Qf1 Kg7 23. Rg2 Rh8 24. g4 hxg4 25. hxg4 Rh7 26. Bg3 Rah8 27. Bh2 c5 28.
Qf2 Bh4 29. Qe2 cxd4 30. Bxd5 exd5 31. f5 Qb6 32. fxg6 dxc3+ 33. Qe3 Qxe3+ 34.
Rxe3 Kxg6 35. Rxc3 d4 36. Rc4 Bg5 37. Be5 Be3+ 38. Kf1 d3 39. Rg3 Rh1+ 40. Kg2
R8h2+ 0-1

[Event "Leiden LCT op 2nd"]
[Site "Leiden"]
[Date "2008.07.19"]
[Round "8"]
[White "Sandipan, Chanda"]
[Black "Giri, Anish"]
[Result "1/2-1/2"]
[WhiteElo "2588"]
[BlackElo "2430"]
[PlyCount "57"]
[EventDate "2008.07.11"]
[EventType "swiss"]
[EventRounds "9"]
[EventCountry "NED"]
[SourceTitle "CBM 125 Extra"]
[Source "ChessBase"]
[SourceDate "2008.09.01"]
[SourceVersion "1"]
[SourceVersionDate "2008.09.01"]
[SourceQuality "1"]

1. d4 Nf6 2. Nf3 g6 3. Bg5 Bg7 4. Nbd2 c5 5. Bxf6 Bxf6 6. Ne4 Bxd4 7. Nxd4 cxd4
8. Qxd4 O-O 9. Qd2 d5 10. O-O-O Qb6 11. Qxd5 Bf5 12. Ng5 Qxf2 13. Qf3 Qh4 14.
Qg3 Qa4 15. e4 Bxe4 16. Nxe4 Qxe4 17. Bd3 Qa4 18. h4 Qxa2 19. h5 Qa1+ 20. Kd2
Qa5+ 21. Ke2 Nc6 22. hxg6 hxg6 23. Bxg6 Qe5+ 24. Qxe5 Nxe5 25. Be4 Rad8 26.
Rxd8 Rxd8 27. Ra1 Nc4 28. Rxa7 Rd4 29. Bxb7 1/2-1/2

[Event "Leiden LCT op 2nd"]
[Site "Leiden"]
[Date "2008.07.20"]
[Round "9"]
[White "Giri, Anish"]
[Black "Van der Wiel, John"]
[Result "1/2-1/2"]
[WhiteElo "2430"]
[BlackElo "2504"]
[PlyCount "20"]
[EventDate "2008.07.11"]
[EventType "swiss"]
[EventRounds "9"]
[EventCountry "NED"]
[SourceTitle "CBM 125 Extra"]
[Source "ChessBase"]
[SourceDate "2008.09.01"]
[SourceVersion "1"]
[SourceVersionDate "2008.09.01"]
[SourceQuality "1"]

1. d4 d6 2. e4 Nf6 3. Bd3 e5 4. c3 d5 5. dxe5 Nxe4 6. Nf3 Nc6 7. Nbd2 Nc5 8.
Bc2 Bg4 9. O-O Be7 10. Re1 d4 1/2-1/2

[Event "Enschede op"]
[Site "Enschede"]
[Date "2008.08.01"]
[Round "1"]
[White "Giri, Anish"]
[Black "Van der Velden, Bram"]
[Result "1-0"]
[WhiteElo "2430"]
[BlackElo "2230"]
[PlyCount "63"]
[EventDate "2008.08.01"]
[EventType "swiss"]
[EventRounds "9"]
[EventCountry "NED"]
[SourceTitle "CBM 126 Extra"]
[Source "ChessBase"]
[SourceDate "2008.11.05"]
[SourceVersion "1"]
[SourceVersionDate "2008.11.05"]
[SourceQuality "1"]

1. e4 c5 2. Nf3 Nc6 3. Nc3 e6 4. Bb5 Nge7 5. O-O a6 6. Bxc6 Nxc6 7. d4 cxd4 8.
Nxd4 d6 9. Re1 Be7 10. Nxc6 bxc6 11. Qg4 Bf6 12. e5 dxe5 13. Ne4 h5 14. Qg3 Kf8
15. Be3 h4 16. Bc5+ Kg8 17. Qf3 Be7 18. Rad1 Qc7 19. Bxe7 Qxe7 20. Nd6 Bd7 21.
Rxe5 f6 22. Re3 e5 23. Rb3 Qe6 24. Rb7 Rh7 25. Ne4 Be8 26. Rd6 Qxa2 27. h3 Qb1+
28. Kh2 Qxc2 29. Rxf6 Bh5 30. Qf5 Qc4 31. Ng5 Rh8 32. Qd7 1-0

[Event "Enschede op"]
[Site "Enschede"]
[Date "2008.08.02"]
[Round "2"]
[White "Giri, Anish"]
[Black "Filippov, Anton"]
[Result "0-1"]
[WhiteElo "2430"]
[BlackElo "2531"]
[PlyCount "132"]
[EventDate "2008.08.01"]
[EventType "swiss"]
[EventRounds "9"]
[EventCountry "NED"]
[SourceTitle "CBM 126 Extra"]
[Source "ChessBase"]
[SourceDate "2008.11.05"]
[SourceVersion "1"]
[SourceVersionDate "2008.11.05"]
[SourceQuality "1"]

1. d4 Nf6 2. c4 e6 3. Nf3 Bb4+ 4. Nbd2 O-O 5. a3 Bxd2+ 6. Qxd2 d6 7. Qc2 Nbd7
8. b4 a5 9. Bb2 axb4 10. axb4 Rxa1+ 11. Bxa1 b5 12. g3 Bb7 13. Bg2 Be4 14. Qc1
bxc4 15. Qxc4 Nb6 16. Qb3 Nbd5 17. O-O Qa8 18. Bc3 Nxc3 19. Qxc3 Nd5 20. Qc4
Rb8 21. b5 Qa5 22. Rc1 Qxb5 23. Qxb5 Rxb5 24. Nd2 Bxg2 25. Kxg2 f5 26. Nf3 h6
27. h4 Kf7 28. Ra1 Kf6 29. Ra8 Rb2 30. Kf1 Rc2 31. Rf8+ Ke7 32. Rg8 Kf7 33. Rc8
Rc1+ 34. Kg2 Rc4 35. Kg1 Nf6 36. Kg2 Ne4 37. Ng1 Rc2 38. Kf1 Rc4 39. Kg2 g5 40.
hxg5 hxg5 41. f3 Nc3 42. Rh8 g4 43. Kf2 Nd5 44. fxg4 fxg4 45. e4 Rc2+ 46. Ke1
Rc1+ 47. Kd2 Rxg1 48. exd5 exd5 49. Rh7+ Ke6 50. Rxc7 Rxg3 51. Ke2 Ra3 52. Rg7
Kf5 53. Rd7 Ke4 54. Rxd6 Ra2+ 55. Kf1 Kxd4 56. Rg6 Ke3 57. Re6+ Kf3 58. Rf6+
Kg3 59. Rd6 Ra1+ 60. Ke2 Kh2 61. Rxd5 g3 62. Rd6 g2 63. Rh6+ Kg1 64. Re6 Ra5
65. Re7 Rh5 66. Ke1 Rh4 0-1

[Event "Enschede op"]
[Site "Enschede"]
[Date "2008.08.03"]
[Round "3"]
[White "Bitalzadeh, Ali"]
[Black "Giri, Anish"]
[Result "1-0"]
[WhiteElo "2310"]
[BlackElo "2430"]
[PlyCount "77"]
[EventDate "2008.08.01"]
[EventType "swiss"]
[EventRounds "9"]
[EventCountry "NED"]
[SourceTitle "CBM 126 Extra"]
[Source "ChessBase"]
[SourceDate "2008.11.05"]
[SourceVersion "1"]
[SourceVersionDate "2008.11.05"]
[SourceQuality "1"]

1. d4 Nf6 2. c4 g6 3. Nc3 Bg7 4. e4 d6 5. Nf3 O-O 6. Be2 e5 7. O-O Nc6 8. d5
Ne7 9. Ne1 Nd7 10. Be3 f5 11. f3 f4 12. Bf2 g5 13. Rc1 Ng6 14. c5 Nxc5 15. b4
Na6 16. Nb5 Bd7 17. a4 h5 18. Nxa7 g4 19. fxg4 f3 20. Bxf3 hxg4 21. Bxg4 Rxf2
22. Rxf2 Rxa7 23. Qf3 Qg5 24. Qf7+ Kh7 25. Bf5 Bxf5 26. Rxf5 Qe3+ 27. Kh1 Qxc1
28. Rh5+ Qh6 29. g4 Qxh5 30. gxh5 Nh4 31. Qf2 Ra8 32. Qxh4 Rf8 33. Qg3 Rf4 34.
Nf3 Kh8 35. Nh4 Rxe4 36. Nf5 Bf8 37. Qg6 Re1+ 38. Kg2 Nxb4 39. Qf7 1-0

[Event "Enschede op"]
[Site "Enschede"]
[Date "2008.08.04"]
[Round "4"]
[White "Yilmaz, Mustafa"]
[Black "Giri, Anish"]
[Result "0-1"]
[WhiteElo "2362"]
[BlackElo "2430"]
[PlyCount "100"]
[EventDate "2008.08.01"]
[EventType "swiss"]
[EventRounds "9"]
[EventCountry "NED"]
[SourceTitle "CBM 126 Extra"]
[Source "ChessBase"]
[SourceDate "2008.11.05"]
[SourceVersion "1"]
[SourceVersionDate "2008.11.05"]
[SourceQuality "1"]

1. e4 c5 2. Nf3 e6 3. d4 cxd4 4. Nxd4 a6 5. Bd3 Nf6 6. O-O d6 7. c4 b6 8. Nc3
Bb7 9. b3 Nbd7 10. Bb2 g6 11. Qe2 Bg7 12. Rad1 O-O 13. Bb1 Qc7 14. f4 e5 15.
fxe5 Nxe5 16. Nc2 b5 17. cxb5 d5 18. Rxf6 Bxf6 19. exd5 Rfe8 20. Kh1 Bg7 21. h3
Nd7 22. Qd2 Nf6 23. bxa6 Bxa6 24. d6 Qd7 25. Ne3 Bb7 26. Kg1 Bh6 27. Ned5 Bg7
28. Nb6 Qc6 29. Nxa8 Bh6 30. Qc2 Qc5+ 31. Kh1 Qe3 32. Qd3 Qf2 33. Qf1 Qxb2 34.
Na4 Qe5 35. d7 Rd8 36. N8b6 Nh5 37. Re1 Ng3+ 38. Kg1 Be3+ 39. Rxe3 Qxe3+ 40.
Qf2 Ne2+ 41. Kf1 Ng3+ 42. Kg1 Qc1+ 43. Kh2 Nf1+ 44. Kg1 Ne3+ 45. Kh2 Qc7+ 46.
Kg1 Qc1+ 47. Kh2 Bxg2 48. Kg3 Qc7+ 49. Kh4 Qe5 50. Bd3 h6 0-1

[Event "Enschede op"]
[Site "Enschede"]
[Date "2008.08.05"]
[Round "5"]
[White "Giri, Anish"]
[Black "Shimanov, Aleksandr"]
[Result "1-0"]
[WhiteElo "2430"]
[BlackElo "2480"]
[PlyCount "87"]
[EventDate "2008.08.01"]
[EventType "swiss"]
[EventRounds "9"]
[EventCountry "NED"]
[SourceTitle "CBM 126 Extra"]
[Source "ChessBase"]
[SourceDate "2008.11.05"]
[SourceVersion "1"]
[SourceVersionDate "2008.11.05"]
[SourceQuality "1"]

1. d4 Nf6 2. c4 g6 3. Nc3 Bg7 4. e4 O-O 5. Nf3 d6 6. h3 Na6 7. Bg5 Qe8 8. g4 c5
9. d5 e6 10. Qe2 exd5 11. exd5 Qd8 12. O-O-O Qa5 13. Qd2 Bd7 14. a3 b5 15. Ne4
Qxd2+ 16. Nfxd2 Nxe4 17. Nxe4 f5 18. Nxd6 fxg4 19. cxb5 Nc7 20. Be3 Rfb8 21.
hxg4 Nxb5 22. Nxb5 Bxb5 23. Rd2 Bxf1 24. Rxf1 Rb5 25. d6 Rd8 26. d7 Bf6 27. f4
Bg7 28. Rg1 Bf6 29. Rf1 Rb7 30. Rfd1 c4 31. Bd4 Be7 32. Bc3 Kf7 33. Ba5 c3 34.
Bxc3 Bc5 35. Ba5 Bb6 36. Bxb6 axb6 37. g5 Ke6 38. Kc2 Kf5 39. Rd4 Rc7+ 40. Kb3
Kg4 41. Kb4 Rc5 42. Rc4 Rf5 43. Rc8 Rxf4+ 44. Kb5 1-0

[Event "Enschede op"]
[Site "Enschede"]
[Date "2008.08.06"]
[Round "6"]
[White "Nyzhnyk, Illya"]
[Black "Giri, Anish"]
[Result "0-1"]
[WhiteElo "2428"]
[BlackElo "2430"]
[PlyCount "76"]
[EventDate "2008.08.01"]
[EventType "swiss"]
[EventRounds "9"]
[EventCountry "NED"]
[SourceTitle "CBM 126 Extra"]
[Source "ChessBase"]
[SourceDate "2008.11.05"]
[SourceVersion "1"]
[SourceVersionDate "2008.11.05"]
[SourceQuality "1"]

1. d4 Nf6 2. c4 c5 3. d5 e6 4. Nc3 exd5 5. cxd5 d6 6. Nf3 g6 7. Nd2 Bg7 8. e4
O-O 9. Be2 Re8 10. O-O a6 11. a4 Nbd7 12. Re1 Rb8 13. Qc2 Ne5 14. h3 g5 15. Nf1
h6 16. Ng3 g4 17. h4 Nh7 18. h5 Qh4 19. Nd1 Ng5 20. Bxg5 Qxg5 21. Ne3 Bd7 22.
a5 b5 23. axb6 Rxb6 24. Rxa6 Rxb2 25. Qd1 Bf8 26. Ra7 Bg7 27. Ra6 Bf8 28. Ra7
Reb8 29. Nc4 Nxc4 30. Bxc4 Bg7 31. Rxd7 Rxf2 32. e5 Rbb2 33. Bf1 Bxe5 34. Re4
Rf4 35. Rxe5 Qxe5 36. Qd3 Rf3 37. Rd8+ Kg7 38. Nf5+ Rxf5 0-1